Legal aspects of business/ (Record no. 171508)

MARC details
000 -LEADER
fixed length control field 00560nam a22001817a 4500
005 - DATE AND TIME OF LATEST TRANSACTION
control field 20200114161908.0
010 ## - LCCN (DPL NO)
LC control number ENG-127415
020 ## - INTERNATIONAL STANDARD BOOK NUMBER
International Standard Book Number 9353163757
Terms of availability 775.00
035 ## - SYSTEM CONTROL NUMBER
System control number EN-110947
037 ## - SOURCE OF ACQUISITION
Source of stock number/acquisition DBAD/PUB
082 ## - DEWEY DECIMAL CLASSIFICATION NUMBER
Classification number 347.7
100 ## - MAIN ENTRY--PERSONAL NAME
Personal name Pathak,Akhileshwar
245 ## - TITLE STATEMENT
Title Legal aspects of business/
Statement of responsibility, etc by Akhileshwar Pathak
260 ## - PUBLICATION, DISTRIBUTION, ETC. (IMPRINT)
Place of publication, distribution, etc Chennai
Name of publisher, distributor, etc McGraw Hill Education
Date of publication, distribution, etc 2018
270 ## - ADDRESS
Address 444/1,Sri Ekambara Naicker Industrial Estate,Alapakkam,Porur
City Chennai
Postal code 600116
300 ## - PHYSICAL DESCRIPTION
Extent 941p.
Dimensions 24cm(pbk)
942 ## - ADDED ENTRY ELEMENTS (KOHA)
Source of classification or shelving scheme Dewey Decimal Classification
Item type English Books
Classification part 347.7
Call number suffix PAT
Holdings
Withdrawn status Lost status Not for loan Collection code Home library Current library Date acquired Source of acquisition Cost, normal purchase price Full call number Barcode Copy number Cost, replacement price Koha item type
      Non-fiction D.B.Act.Division Mobile Library 14/01/2020 DBAD/PUB 775.00 347.7 PAT EN-110947 1 775.00 English Books

© Delhi Public Library
Hit Counter
free hit counter